000 00457nam a2200181Ia 4500
001 14976
005 20260306164954.0
008 260306t2006||||xx |||||||||||||| ||spa||
041 _aESP
082 _a519.53
_bG68
100 _aGómez Ticerán, Doris
_eAUT
245 0 _aEstadística descriptiva:
_bcon soporte del SPSS y MATLAB
260 _c2006
300 _a459 páginas :
_c22 cm.
650 _aGEN
654 _aCMA
942 _cLIB
_dJUS
_fJUS
_2ddc
_n
999 _c14976
_d14976